000 00372 a2200109 4500
001 ART_18229
005 20260410161658.0
008 260409a
245 1 0 _aImprocedencia de la aplicación de sanciones sobre el Impuesto a las salidas no documentadas
100 1 _aODonnell, Agustina
773 0 _tPráctica profesional
_g- Nº 180 (dic. 2012)
_wREV542
999 _c14931
_d14931